Lịch sử cách mạng Cu-Ba Giai đoạn cách mạng giải phóng dân tộc 1953 -1959

שמור ב:
מידע ביבליוגרפי
מחבר ראשי: Phạm Xuân Nam
פורמט: ספר
שפה:Vietnamese
יצא לאור: H. Khoa học xã hội 1975
נושאים:
תגים: הוספת תג
אין תגיות, היה/י הראשונ/ה לתייג את הרשומה!
Thư viện lưu trữ: Mạng thư viện Đại học Đà Nẵng
LEADER 00994nam a2200301 4500
001 000015677
003 12060
005 20120531090503.0
008 120531s1975 viesd
041 0 |a vie 
082 |a 972.91  |b PH-N 
100 0 |a Phạm Xuân Nam 
245 0 |a Lịch sử cách mạng Cu-Ba  |b Giai đoạn cách mạng giải phóng dân tộc 1953 -1959  |c Phạm Xuân Nam 
260 |a H.  |b Khoa học xã hội  |c 1975 
300 |a 358 tr.  |c 19 cm 
653 |a Lịch sử 
653 |a Cách mạng 
653 |a Cuba 
OWN |a LSP 
AVA |a UDN50  |b LSP  |d 972.91 PH-N  |e available  |t Error 5001 Not defined in file expand_doc_bib_avail.  |f 1  |g 0  |h N  |i 0  |k 1 
999 |a From the UDN01 
AVA |a UDN50  |b LSP  |d 972.91 PH-N  |e available  |t Error 5001 Not defined in file expand_doc_bib_avail.  |f 1  |g 0  |h N  |i 0  |k 1 
TYP |a Monograph 
TYP |a Printed language 
980 |a Mạng thư viện Đại học Đà Nẵng